000 00474nam a22001697a 4500
005 20251108164915.0
008 250721s9999 xx 000 0 ara d
082 1 4 _a648/صلح
245 1 0 _aصلحي و جددي /
264 1 _aبيروت :
_bالشركة الشرقية للمطبوعات،
_c[19-].
300 _a39ص : مص
490 0 _aدليلك سيدتي
650 1 7 _aالصحة المنزلية
650 1 7 _aالصحة
942 _2ddc
_cBK
999 _c17183
_d17183